000 00569cam a22002053a 4500
001 37891
003 PGUSA
005 20140828083831.0
008 111031s2011||||xxu|||||s|||||000 | eng d
040 _aPGUSA
_beng
042 _adc
100 1 _aScott, Daniel
245 1 0 _aBygone Cumberland and Westmorland
_h[electronic resource] /
_cDaniel Scott
260 _bProject Gutenberg,
_c2011
506 _aPublic domain in the USA.
516 _aElectronic text
830 0 _aProject Gutenberg
_v37891
856 4 0 _uhttp://www.gutenberg.org/ebooks/37891
942 _cEB
999 _c267145
_d267145